The Surveyors' Institution buildings (Record no. 74832)

MARC details
000 -LEADER
fixed length control field 00534cam a2200181 4500
001 - CONTROL NUMBER
control field X128869
008 - FIXED-LENGTH DATA ELEMENTS--GENERAL INFORMATION
fixed length control field 050222n1899 000 0 eng u
035 ## - SYSTEM CONTROL NUMBER
System control number (Sirsi) u128869
245 #4 - TITLE STATEMENT
Title The Surveyors' Institution buildings
260 ## - PUBLICATION, DISTRIBUTION, ETC.
Date of publication, distribution, etc. 1899
490 ## - SERIES STATEMENT
Series statement Builder
520 ## - SUMMARY, ETC.
Summary, etc. Discusses the newly completed 12 Great George Street, describing the principle rooms. Includes a plan of the ground floor.
590 ## - LOCAL NOTE (RLIN)
Local note GGS
650 ## - SUBJECT ADDED ENTRY--TOPICAL TERM
Topical term or geographic name entry element 12 GREAT GEORGE STREET
650 ## - SUBJECT ADDED ENTRY--TOPICAL TERM
Topical term or geographic name entry element ALFRED WATERHOUSE
690 ## - LOCAL SUBJECT ADDED ENTRY--TOPICAL TERM (OCLC, RLIN)
Topical term or geographic name as entry element RICS NEWS
942 ## - ADDED ENTRY ELEMENTS (KOHA)
Suppress in OPAC 0
Holdings
Withdrawn status Lost status Source of classification or shelving scheme Damaged status Not for loan Home library Current library Shelving location Date acquired Total Checkouts Full call number Barcode Date last seen Copy number Price effective from Koha item type
    Dewey Decimal Classification     London London Journal article 22/02/2005   X128869 128869-1001 06/08/2019 1 06/08/2019 Journal article